000 00781nam a22002657a 4500
001 BR8807139
003 BR-BrBNA
005 20230928093101.0
007 ta
008 230509b bl.||||| |||| 00| 0 por d
040 _aBR-BrBNA
_bpor
_cBiblioteca Nacional de Agricultura
041 _a(Por)
072 _aE40
_b/G514
090 _ E40 BR8807139
100 1 _aSouza, J.P. de (coord.)
110 1 _aAssociacao de Orientacao as Cooperativas do Nordeste, Recife, PE (Brasil)
_9543
245 1 _aDiagnostico das cooperativas agropecuarias do nordeste brasileiro
260 3 _aRecife, PE (Brasil):
_c1983.
300 _a189 p.
500 _a34 graphs; 45 ref.
650 _aCOOPERATIVA
650 _aREGIAO NORDESTE
909 _a202309
_bLucia
_c55
_dLucia Elande
942 _cBK
999 _c42902
_d42902